| 000 | 00550nam a2200229 a 4500 | ||
|---|---|---|---|
| 001 | nice12345678 | ||
| 003 | IN_TiNIC | ||
| 005 | 20260116013639.0 | ||
| 008 | 050524s1995 dela grp 000 0 eng | ||
| 020 |
_a8174887 _c350 |
||
| 082 | 0 | 0 |
_a305 _bPRU |
| 100 | _aPruthi, Ran | ||
| 245 | _aPost-Independence India and Women | ||
| 260 |
_aDelhi _bAnmol Publishers _c1995 |
||
| 300 | _a261p | ||
| 500 | _aincludes index and biblioraphy | ||
| 505 | 2 | _aIndex | |
| 650 | _aWomen-India | ||
| 902 | _bSRS | ||
| 942 | _cBK | ||
| 999 |
_c11795 _d11795 |
||